Strýček Váňa
| Hlavný autor: | |
|---|---|
| Médium: | Kniha |
| Jazyk: | neznámy jazyk |
| PhysicalDescription: | 58 s. |
| Vydavateľské údaje: |
Praha
Dilia
1973
|
MARC
| LEADER | 00000nam a2200000 a 4500 | ||
|---|---|---|---|
| 001 | vtls001383237 | ||
| 003 | SK-MaSNL | ||
| 005 | 20260301161422.0 | ||
| 008 | 240314s1973 xx 0 und | ||
| 035 | |a SNK000337310 | ||
| 040 | |a SNK |b slo |c SNK |e AACR2 | ||
| 100 | 1 | |a Čechov, Anton Pavlovič, |d 1860-1904 |4 aut |9 98221 | |
| 245 | 1 | 0 | |a Strýček Váňa |
| 260 | |a Praha |b Dilia |c 1973 | ||
| 300 | |a 58 s. | ||
| 958 | |a OND | ||
| 999 | |c 809378 |d 811308 | ||
| 952 | |t P60, <05>, [BOOK], {605} |a SNK |b SNK |y PREZ |7 0 |p 17A0133399 |o snkIB 28800 |0 0 |1 0 |4 0 |d 2000-02-19 |l 0 |r 2005-01-02 00:00:00 |w 2026-02-24 | ||


